Normal view
MARC view
- Client-centered psychotherapy.
Entry Topical Term
001 - CONTROL NUMBER
- control field: 4052
003 - CONTROL NUMBER IDENTIFIER
- control field: NUST
005 - DATE AND TIME OF LATEST TRANSACTION
- control field: 20170823142749.0
008 - FIXED-LENGTH DATA ELEMENTS
- fixed length control field: 170823|| aca||aabn | a|a d
040 ## - CATALOGING SOURCE
- Original cataloging agency: NUST
- Transcribing agency: NUST
150 ## - HEADING--TOPICAL TERM
- Topical term or geographic name entry element: Client-centered psychotherapy.
670 ## - SOURCE DATA FOUND
- Source citation: Work cat.: (NUST)0: Barrett-Lennard, Godfrey T. 4050, Carl Rogers' helping system :, 1998.
